Eine neue Verfassung für Europa: Kriterien der Europarechtswissenschaft

Saved in:
Bibliographic Details
Main Author: Müller-Graff, Peter-Christian (Author)
Format: Chapter/Article
Language:German
Published: 2005
In: Eine Verfassung für Europa
Year: 2005, Pages: [311]-328
Online Access: Get full text
Author Notes:Peter-Christian Müller-Graff

MARC

LEADER 00000caa a2200000 c 4500
001 1320072895
003 DE-627
005 20220810075200.0
007 tu
008 051229s2005 xx ||||| 00| ||ger c
035 |a (DE-627)1320072895 
035 |a (DE-576)250072890 
035 |a (DE-599)BSZ250072890 
035 |a (OCoLC)1340387351 
040 |a DE-627  |b ger  |c DE-627  |e rakwb 
041 |a ger 
084 |a 19  |2 sdnb 
100 1 |a Müller-Graff, Peter-Christian  |d 1945-  |0 (DE-588)121637565  |0 (DE-627)081437714  |0 (DE-576)16230885X  |4 aut 
245 1 5 |a Eine neue Verfassung für Europa  |b Kriterien der Europarechtswissenschaft  |c Peter-Christian Müller-Graff 
264 1 |c 2005 
300 |a 18 
336 |a Text  |b txt  |2 rdacontent 
337 |a ohne Hilfsmittel zu benutzen  |b n  |2 rdamedia 
338 |a Band  |b nc  |2 rdacarrier 
773 0 8 |i In  |t Eine Verfassung für Europa  |b 2., aktualisierte und erw. Aufl.  |d Tübingen : Mohr Siebeck, 2005  |g (2005), Seite [311]-328  |h XXII, 612 S.  |w (DE-627)489033318  |w (DE-576)117806811  |z 3161485424  |7 nnam  |a Eine neue Verfassung für Europa Kriterien der Europarechtswissenschaft 
773 1 8 |g year:2005  |g pages:[311]-328  |g extent:18  |a Eine neue Verfassung für Europa Kriterien der Europarechtswissenschaft 
951 |a AR 
992 |a 20150323 
993 |a BookComponentPart 
994 |a 2005 
998 |g 121637565  |a Müller-Graff, Peter-Christian  |m 121637565:Müller-Graff, Peter-Christian  |d 20000  |d 20500  |e 20000PM121637565  |e 20500PM121637565  |k 0/20000/  |k 1/20000/20500/  |p 1  |x j  |y j 
999 |a KXP-PPN1320072895  |e 2836313609 
BIB |a Y 
JSO |a {"physDesc":[{"extent":"18 S."}],"name":{"displayForm":["Peter-Christian Müller-Graff"]},"origin":[{"dateIssuedKey":"2005","dateIssuedDisp":"2005"}],"relHost":[{"id":{"eki":["489033318"],"isbn":["3161485424"]},"type":{"bibl":"edited-book"},"part":{"year":"2005","text":"(2005), Seite [311]-328","extent":"18","pages":"[311]-328"},"person":[{"display":"Beckmann, Klaus","given":"Klaus","role":"edt","family":"Beckmann"},{"role":"edt","family":"Dieringer","display":"Dieringer, Jürgen","given":"Jürgen"},{"family":"Hufeld","role":"edt","given":"Ulrich","display":"Hufeld, Ulrich"}],"physDesc":[{"noteFormat":"24 cm","extent":"XXII, 612 S.","noteIll":"graph. Darst."}],"note":["Beitr. teilw. dt., teilw. franz"],"recId":"489033318","title":[{"title_sort":"Verfassung für Europa","title":"Eine Verfassung für Europa"}],"language":["ger","fre"],"disp":"Eine neue Verfassung für Europa Kriterien der EuroparechtswissenschaftEine Verfassung für Europa","origin":[{"dateIssuedDisp":"2005","dateIssuedKey":"2005","publisher":"Mohr Siebeck","edition":"2., aktualisierte und erw. Aufl.","editionNo":"2","publisherPlace":"Tübingen"}],"name":{"displayForm":["hrsg. von Klaus Beckmann; Jürgen Dieringer und Ulrich Hufeld"]}}],"person":[{"given":"Peter-Christian","display":"Müller-Graff, Peter-Christian","role":"aut","family":"Müller-Graff"}],"language":["ger"],"title":[{"subtitle":"Kriterien der Europarechtswissenschaft","title_sort":"neue Verfassung für Europa","title":"Eine neue Verfassung für Europa"}],"recId":"1320072895","type":{"bibl":"chapter"},"id":{"eki":["1320072895"]}} 
SRT |a MUELLERGRANEUEVERFAS2005